| 000 -LEADER |
| fixed length control field |
01242cam a22003494a 4500 |
| 001 - CONTROL NUMBER |
| control field |
16275071 |
| 003 - CONTROL NUMBER IDENTIFIER |
| control field |
NUST |
| 005 - DATE AND TIME OF LATEST TRANSACTION |
| control field |
20220720121159.0 |
| 008 - FIXED-LENGTH DATA ELEMENTS--GENERAL INFORMATION |
| fixed length control field |
100609s2010 nyua 000 0 eng |
| 010 ## - LIBRARY OF CONGRESS CONTROL NUMBER |
| LC control number |
2010023886 |
| 015 ## - NATIONAL BIBLIOGRAPHY NUMBER |
| Source |
0 |
| 020 ## - INTERNATIONAL STANDARD BOOK NUMBER |
| International Standard Book Number |
9780230222502 (pbk.) |
| 040 ## - CATALOGING SOURCE |
| Original cataloging agency |
DLC |
| Transcribing agency |
DLC |
| Modifying agency |
DLC |
| 042 ## - AUTHENTICATION CODE |
| Authentication code |
pcc |
| 050 00 - LIBRARY OF CONGRESS CALL NUMBER |
| Classification number |
ZA3075 |
| Item number |
.G75 2010 |
| 082 00 - DEWEY DECIMAL CLASSIFICATION NUMBER |
| Classification number |
001.4,GRI |
| Edition number |
22 |
| 100 1# - MAIN ENTRY--PERSONAL NAME |
| Personal name |
Grix, Jonathan. |
| 9 (RLIN) |
3651 |
| 245 10 - TITLE STATEMENT |
| Title |
Information skills : |
| Remainder of title |
finding and using the right resources / |
| Statement of responsibility, etc. |
Jonathan Grix, Gerald Watkins. |
| 260 ## - PUBLICATION, DISTRIBUTION, ETC. |
| Place of publication, distribution, etc. |
New York : |
| Name of publisher, distributor, etc. |
Palgrave Macmillan, |
| Date of publication, distribution, etc. |
2010. |
| 300 ## - PHYSICAL DESCRIPTION |
| Extent |
vi, 163 p. : |
| Other physical details |
ill. ; |
| Dimensions |
22 cm. |
| 505 8# - FORMATTED CONTENTS NOTE |
| Formatted contents note |
Part .1 Foundation (Page-7), Part .II Finding Resources: What, Where and How (Page-51), Part III. Glossary (Page-131). |
| 650 #0 - SUBJECT ADDED ENTRY--TOPICAL TERM |
| Topical term or geographic name entry element |
Research |
| General subdivision |
Methodology. |
| 650 #0 - SUBJECT ADDED ENTRY--TOPICAL TERM |
| Topical term or geographic name entry element |
Social sciences |
| General subdivision |
Research. |
| 650 #0 - SUBJECT ADDED ENTRY--TOPICAL TERM |
| Topical term or geographic name entry element |
Information retrieval. |
| 9 (RLIN) |
3654 |
| 650 #0 - SUBJECT ADDED ENTRY--TOPICAL TERM |
| Topical term or geographic name entry element |
Electronic information resource searching. |
| 9 (RLIN) |
3655 |
| 650 #0 - SUBJECT ADDED ENTRY--TOPICAL TERM |
| Topical term or geographic name entry element |
Information resources |
| General subdivision |
Evaluation. |
| 9 (RLIN) |
3656 |
| 650 #0 - SUBJECT ADDED ENTRY--TOPICAL TERM |
| Topical term or geographic name entry element |
Electronic information resources |
| General subdivision |
Evaluation. |
| 9 (RLIN) |
3657 |
| 650 #0 - SUBJECT ADDED ENTRY--TOPICAL TERM |
| Topical term or geographic name entry element |
Dissertations, Academic. |
| 9 (RLIN) |
3658 |
| 650 #0 - SUBJECT ADDED ENTRY--TOPICAL TERM |
| Topical term or geographic name entry element |
Report writing. |
| 9 (RLIN) |
3246 |
| 700 1# - ADDED ENTRY--PERSONAL NAME |
| Personal name |
Watkins, Gerald, |
| Dates associated with a name |
1954- |
| 9 (RLIN) |
3659 |
| 942 ## - ADDED ENTRY ELEMENTS (KOHA) |
| Source of classification or shelving scheme |
|
| Koha item type |
Book |
| Call number prefix |
001.4,GRI |